[Event "TV2 Fagernes International 2018"]
[Site "Scandic Hotel Fagernes"]
[Date "2018.03.25"]
[Round "1"]
[White "Mihajlov, Svetoslav"]
[Black "Mjaaland, Bendik"]
[Result "1-0"]
[WhiteElo "2197"]
[BlackElo "1694"]
[PlyCount "57"]
[EventDate "2018.??.??"]

1. e4 e5 2. Nc3 Nf6 3. g3 Bc5 4. Bg2 Nc6 5. h3 a6 6. Nge2 Nd4 7. d3 d6 8. O-O
O-O 9. Kh2 c6 10. f4 Nxe2 11. Nxe2 exf4 12. Bxf4 d5 13. e5 Nh5 14. Bd2 f5 15.
d4 Be7 16. Bf3 Qe8 17. Ng1 g6 18. Bxh5 gxh5 19. Bh6 h4 20. Bxf8 hxg3+ 21. Kxg3
Qxf8 22. Qh5 Be6 23. Ne2 Kh8 24. Kh2 Qf7 25. Qxf7 Bxf7 26. Ng3 f4 27. Rxf4 Be6
28. Raf1 Rg8 29. Nh5
1-0

[Event "TV2 Fagernes International 2018"]
[Site "Scandic Hotel Fagernes"]
[Date "2018.03.25"]
[Round "1"]
[White "Gjestemoen-Vonhirsch, Andre"]
[Black "Aroven, Mikael"]
[Result "0-1"]
[WhiteElo "1691"]
[BlackElo "2121"]
[PlyCount "116"]
[EventDate "2018.??.??"]

1. e4 c5 2. Nf3 e6 3. d4 cxd4 4. Nxd4 a6 5. c4 Qc7 6. Nc3 b6 7. Be2 Bb7 8. O-O
Nf6 9. Qd3 d6 10. f4 Nbd7 11. b4 Be7 12. Bb2 O-O 13. Rac1 Rac8 14. f5 Ne5 15.
Qh3 exf5 16. Qxf5 Rce8 17. Nd5 Qd8 18. Rc3 Bc8 19. Qf4 Ng6 20. Qe3 Bd7 21. h3
b5 22. cxb5 Nxd5 23. exd5 Bg5 24. Qf2 Bh4 25. g3 Bf6 26. Rd1 axb5 27. Kh2 Qb6
28. Rc2 Ra8 29. a3 Rac8 30. Rdc1 Rce8 31. Rc7 Bg5 32. R1c3 Re7 33. h4 Bf6 34.
Rc1 Rfe8 35. R1c2 Rxe2 36. Rxe2 Rxe2 37. Qxe2 Qxc7 38. h5 Bxd4 39. Bxd4 Ne5 40.
a4 Qc4 41. Qxc4 bxc4 42. Bxe5 dxe5 43. b5 Kf8 44. d6 Ke8 45. b6 Bc8 46. a5 c3
47. a6 Bxa6 48. h6 gxh6 49. b7 Bxb7 50. g4 c2 51. d7+ Kxd7 52. g5 c1=Q 53. g6
Qd2+ 54. Kg3 Qe3+ 55. Kg4 Bf3+ 56. Kg3 Be2+ 57. Kh4 Qg5+ 58. Kh3 Bf1+
0-1

[Event "TV2 Fagernes International 2018"]
[Site "Scandic Hotel Fagernes"]
[Date "2018.03.25"]
[Round "1"]
[White "Løbersli, Henrik Øie"]
[Black "Flatebø, Hallvard Haug"]
[Result "1-0"]
[WhiteElo "2081"]
[BlackElo "1684"]
[PlyCount "91"]
[EventDate "2018.??.??"]

1. Nf3 Nf6 2. g3 g6 3. Bg2 Bg7 4. O-O O-O 5. d4 d5 6. c4 c6 7. b3 Na6 8. Nc3
Nc7 9. Bb2 Bf5 10. Rc1 Ne4 11. e3 Nxc3 12. Bxc3 a5 13. Qd2 a4 14. Ba5 axb3 15.
axb3 Qd7 16. Bxc7 Qxc7 17. cxd5 Be4 18. Ne1 Bxg2 19. Kxg2 Qb6 20. dxc6 bxc6 21.
Qc3 Rfb8 22. Qxc6 Qxb3 23. Qe4 Qb7 24. Qxb7 Rxb7 25. Nd3 h6 26. Rb1 Rab8 27.
Rxb7 Rxb7 28. Rc1 Bf6 29. Kf3 h5 30. h4 Rb3 31. Ke4 Ra3 32. Rd1 Ra5 33. Rd2 g5
34. hxg5 Bxg5 35. Nc5 Kg7 36. Kd5 Ra1 37. Kc6 Rh1 38. d5 Rh2 39. Ne4 Bf6 40.
Nxf6 Kxf6 41. Kd7 h4 42. gxh4 Rxh4 43. Rd4 Rh5 44. Rf4+ Kg6 45. Kxe7 Rxd5 46.
Rf6+
1-0

[Event "TV2 Fagernes International 2018"]
[Site "Scandic Hotel Fagernes"]
[Date "2018.03.25"]
[Round "1"]
[White "Nordquelle, Amelia"]
[Black "Loberg, Jo Kristian"]
[Result "0-1"]
[WhiteElo "1683"]
[BlackElo "2060"]
[PlyCount "54"]
[EventDate "2018.??.??"]

1. d4 d5 2. c4 c6 3. e3 Nf6 4. Nc3 e6 5. Nf3 Nbd7 6. Bd3 dxc4 7. Bxc4 b5 8. Bd3
Bb7 9. O-O a6 10. a3 c5 11. Rb1 Rc8 12. Bd2 Bd6 13. dxc5 Nxc5 14. Be2 O-O 15.
b4 Nce4 16. Rc1 Nxd2 17. Nxd2 Be5 18. Ndb1 Qc7 19. Qb3 Bxh2+ 20. Kh1 Be5 21. f4
Bxc3 22. Nxc3 Qb6 23. Nb1 Ne4 24. Rxc8 Rxc8 25. Rf3 Qc7 26. Bd3 Qc1+ 27. Kh2
Bd5
0-1

[Event "TV2 Fagernes International 2018"]
[Site "Scandic Hotel Fagernes"]
[Date "2018.03.25"]
[Round "1"]
[White "Leonhardsen, Vebjørn Maanum"]
[Black "Hagesæther, Arne"]
[Result "0-1"]
[WhiteElo "1650"]
[BlackElo "2002"]
[PlyCount "131"]
[EventDate "2018.??.??"]

1. d4 Nf6 2. c4 e6 3. Nf3 d5 4. Nc3 Be7 5. Bg5 O-O 6. e3 Nbd7 7. cxd5 exd5 8.
Bd3 Re8 9. O-O c6 10. Rc1 Ng4 11. Bxe7 Qxe7 12. Qc2 Nf8 13. Bf5 Ng6 14. Bxc8
Raxc8 15. Rfe1 h6 16. a3 Rcd8 17. b4 a6 18. Rb1 Qd6 19. h3 Nf6 20. Na4 Ne4 21.
Nc5 Re7 22. a4 Qf6 23. b5 axb5 24. axb5 Nd6 25. bxc6 bxc6 26. Nd3 Nc4 27. Qe2
Ra8 28. Ra1 Rea7 29. Rxa7 Rxa7 30. Nc5 Qd8 31. Qd3 Ne7 32. Rb1 Nc8 33. Qf5 N8d6
34. Qf4 Qc7 35. Qg4 Nb5 36. Nb3 Nc3 37. Ra1 Rxa1+ 38. Nxa1 Qb7 39. Qf5 Ne2+ 40.
Kh2 Qc7+ 41. g3 Nc3 42. Qc2 Ne4 43. Qe2 Qb8 44. Kg2 Qb1 45. Nc2 Qb2 46. Nfe1 g6
47. Qg4 Qc3 48. Qe2 Nb2 49. Kg1 h5 50. h4 Qa5 51. Kg2 Nc3 52. Qf3 Qa2 53. Qf6
Qc4 54. Qe5 Ne4 55. Qb8+ Kg7 56. Qxb2 Nd2 57. Qb8 Qf1+ 58. Kh2 Qxf2+ 59. Kh1
Ne4 60. Qe5+ Kh7 61. Ng2 Qxc2 62. Qc7 Qf2 63. Qxc6 Nxg3+ 64. Kh2 Nf1+ 65. Kh1
Qg3 66. Qxd5
0-1

[Event "TV2 Fagernes International 2018"]
[Site "Scandic Hotel Fagernes"]
[Date "2018.03.25"]
[Round "1"]
[White "Vitenberg, Noam Aviv"]
[Black "Haynes, Noah"]
[Result "1-0"]
[WhiteElo "1975"]
[BlackElo "1648"]
[PlyCount "37"]
[EventDate "2018.??.??"]

1. d4 Nf6 2. c4 e6 3. Nc3 Bb4 4. Nf3 b6 5. e3 Bb7 6. Bd3 O-O 7. O-O Bxc3 8.
bxc3 Ne4 9. Ne1 f5 10. f3 Nf6 11. Qc2 a5 12. e4 Nh5 13. exf5 Nf4 14. Bxf4 h6
15. fxe6 Qh4 16. Be4 Nc6 17. exd7 Rad8 18. c5 Rxd7 19. d5
1-0

[Event "TV2 Fagernes International 2018"]
[Site "Scandic Hotel Fagernes"]
[Date "2018.03.25"]
[Round "1"]
[White "Kaunonen, Jouni"]
[Black "Hoem, Tor Wetle"]
[Result "0-1"]
[WhiteElo "1647"]
[BlackElo "1953"]
[PlyCount "78"]
[EventDate "2018.??.??"]

1. d4 Nf6 2. c4 e5 3. dxe5 Ng4 4. Nf3 Nc6 5. e3 g6 6. Be2 Bg7 7. Nc3 O-O 8. O-O
Ngxe5 9. Bd2 d6 10. a3 Be6 11. b3 a5 12. Rb1 Bf5 13. e4 Nxf3+ 14. Bxf3 Be6 15.
g3 Qd7 16. Nd5 Ne5 17. Bg2 Qd8 18. Qc2 h5 19. h4 Nc6 20. Bg5 f6 21. Be3 Ne7 22.
Rbd1 Bf7 23. Bd4 Nc6 24. Ba1 Ne5 25. Rde1 Be6 26. f4 Ng4 27. f5 Bxd5 28. exd5
Re8 29. Qd3 Bh6 30. Bd4 g5 31. Rxe8+ Qxe8 32. hxg5 Bxg5 33. Bf3 Be3+ 34. Kg2
Bxd4 35. Bxg4 hxg4 36. Qxd4 Qh5 37. Qe4 Re8 38. Qc2 Qh3+ 39. Kg1 Re3
0-1

[Event "TV2 Fagernes International 2018"]
[Site "Scandic Hotel Fagernes"]
[Date "2018.03.25"]
[Round "1"]
[White "Ayzenberg, Alena"]
[Black "Bernstein, Jonas August"]
[Result "1-0"]
[WhiteElo "1950"]
[BlackElo "1637"]
[PlyCount "95"]
[EventDate "2018.??.??"]

1. d4 d5 2. c4 dxc4 3. Nf3 Nf6 4. e3 b5 5. a4 b4 6. Bxc4 e6 7. O-O Be7 8. Qe2
Bb7 9. Nbd2 O-O 10. Nb3 a5 11. Rd1 Ne4 12. Ne5 Nd7 13. f3 Nef6 14. Nxd7 Nxd7
15. e4 Bd6 16. e5 Be7 17. Be3 Qc8 18. Bf2 c5 19. Rac1 Qc7 20. Bb5 Bd5 21. Nxc5
Bxc5 22. dxc5 Qxe5 23. Qxe5 Nxe5 24. Bg3 f6 25. Bxe5 fxe5 26. Re1 Rf5 27. c6
Rc8 28. h3 Rc7 29. Re2 Kf8 30. Bd3 Rh5 31. Be4 Ke7 32. Rc5 Kd6 33. Rxa5 Rxc6
34. Rd2 Rc5 35. Ra6+ Rc6 36. Ra7 g6 37. Kf2 Kc5 38. Bxd5 exd5 39. Ra5+ Kb6 40.
Raxd5 Rc5 41. Rd8 Rh4 42. b3 Rc3 43. R8d3 Rd4 44. Ke2 Kc5 45. Re3 Rd5 46. Rxd5+
Kxd5 47. Rxc3 bxc3 48. Kd3
1-0

[Event "TV2 Fagernes International 2018"]
[Site "Scandic Hotel Fagernes"]
[Date "2018.03.25"]
[Round "1"]
[White "Stai, Sondre"]
[Black "Narva, Regina"]
[Result "0-1"]
[WhiteElo "1636"]
[BlackElo "1939"]
[PlyCount "104"]
[EventDate "2018.??.??"]

1. d4 Nf6 2. c4 g6 3. g3 Bg7 4. Bg2 d6 5. Nc3 Nbd7 6. Nf3 a6 7. O-O O-O 8. Qc2
Rb8 9. Rd1 c5 10. b3 b5 11. dxc5 Nxc5 12. Nd4 Bd7 13. cxb5 axb5 14. Bb2 Qb6 15.
Rac1 Rfc8 16. Qd2 e6 17. b4 Na4 18. Nxa4 bxa4 19. a3 d5 20. e3 Ng4 21. Nf3 Nf6
22. Ne5 Bb5 23. Bd4 Qa6 24. Rxc8+ Rxc8 25. Rc1 Ne8 26. Bf1 Rxc1 27. Qxc1 Bxf1
28. Qxf1 Qxf1+ 29. Kxf1 Nd6 30. Nd3 Bxd4 31. exd4 Nb5 32. Nc5 Nxd4 33. Nxa4 Nb5
34. Nb2 Nxa3 35. Nd3 Kf8 36. Ke2 Ke7 37. h4 Kd6 38. Kd2 e5 39. g4 f5 40. gxf5
gxf5 41. f4 e4 42. Nc1 d4 43. Ne2 Nc4+ 44. Ke1 Kd5 45. b5 d3 46. Ng3 Nd6 47. b6
Kc6 48. Nh5 Kxb6 49. Nf6 Kc5 50. Nxh7 e3 51. Nf8 d2+ 52. Ke2 Ne4
0-1

[Event "TV2 Fagernes International 2018"]
[Site "Scandic Hotel Fagernes"]
[Date "2018.03.25"]
[Round "1"]
[White "Ukkelberg, Øyvind"]
[Black "Lang, Gusztav Jr"]
[Result "1/2-1/2"]
[WhiteElo "1939"]
[BlackElo "1630"]
[PlyCount "82"]
[EventDate "2018.??.??"]

1. d4 g6 2. Bf4 Bg7 3. Nf3 Nf6 4. e3 d5 5. Nbd2 O-O 6. h3 Nc6 7. Bb5 Bd7 8. c3
Rc8 9. O-O Qe8 10. Bxc6 Bxc6 11. Ne5 Bb5 12. Re1 Nd7 13. Nxd7 Bxd7 14. e4 dxe4
15. Nxe4 Qd8 16. Qd2 Re8 17. Rad1 b6 18. Bh6 Bc6 19. d5 Qxd5 20. Qc2 Qf5 21.
Bxg7 Bxe4 22. Rxe4 Kxg7 23. Qe2 e6 24. Qc4 Red8 25. Red4 Rxd4 26. Qxd4+ e5 27.
Qd5 c6 28. Qd6 a5 29. Re1 Qf6 30. Qxe5 Qxe5 31. Rxe5 Rd8 32. Re2 Rd1+ 33. Kh2
Rd6 34. g4 Kf6 35. f4 Kg7 36. Kg2 Rf6 37. Kf3 Rd6 38. Ke3 Re6+ 39. Kd3 Rxe2 40.
Kxe2 Kf6 41. Ke3 Ke6
1/2-1/2

[Event "TV2 Fagernes International 2018"]
[Site "Scandic Hotel Fagernes"]
[Date "2018.03.25"]
[Round "1"]
[White "Gjære, Vidar"]
[Black "Filen, Hannu"]
[Result "0-1"]
[WhiteElo "1623"]
[BlackElo "1930"]
[PlyCount "88"]
[EventDate "2018.??.??"]

1. e4 e5 2. Nf3 Nc6 3. c3 Nf6 4. d4 Nxe4 5. d5 Ne7 6. Nxe5 Ng6 7. Qd4 Nd6 8.
Be3 Qf6 9. Nc4 Qxd4 10. Nxd6+ Bxd6 11. Bxd4 O-O 12. g3 Re8+ 13. Kd2 b6 14. c4
Bb7 15. Bh3 Re4 16. Kd3 Rxd4+ 17. Kxd4 Be5+ 18. Kd3 Bxb2 19. Nc3 Bxa1 20. Rxa1
Ba6 21. f4 Rd8 22. Re1 Kf8 23. a4 Ne7 24. Bg2 c6 25. Bf3 cxd5 26. Nxd5 Nxd5 27.
Bxd5 Rc8 28. Kc3 Bxc4 29. Bxc4 d5 30. Rd1 Rxc4+ 31. Kb3 Rc5 32. Re1 Rc7 33. Re5
Rd7 34. Kc3 f6 35. Re2 d4+ 36. Kd3 Kf7 37. Re4 a6 38. g4 Rd5 39. Rxd4 Ke6 40.
h4 b5 41. axb5 axb5 42. f5+ Ke5 43. Rxd5+ Kxd5 44. g5 Ke5
0-1

[Event "TV2 Fagernes International 2018"]
[Site "Scandic Hotel Fagernes"]
[Date "2018.03.25"]
[Round "1"]
[White "Myrheim, Håkon Abeland"]
[Black "Shehzad, Alisha"]
[Result "1-0"]
[WhiteElo "1914"]
[BlackElo "1598"]
[PlyCount "149"]
[EventDate "2018.??.??"]

1. e4 e5 2. Nf3 Nf6 3. Nxe5 Nxe4 4. Qe2 Qe7 5. Qxe4 d6 6. d4 dxe5 7. Qxe5 Qxe5+
8. dxe5 Bf5 9. c3 Bc5 10. Bc4 O-O 11. O-O Nd7 12. Bf4 Rfe8 13. Re1 Re7 14. Nd2
Rae8 15. Nf3 h6 16. h3 Be6 17. Bxe6 Rxe6 18. Rad1 Nf8 19. Bg3 Bb6 20. Nd4 R6e7
21. Kh2 f6 22. Nf3 fxe5 23. Rxe5 Ng6 24. Rxe7 Rxe7 25. Rd2 Kf7 26. Nd4 Rd7 27.
Nb3 Re7 28. a4 a6 29. a5 Ba7 30. Rd8 Re2 31. Rd7+ Re7 32. Rxc7 Rxc7 33. Bxc7
Bxf2 34. Bb6 Bxb6 35. axb6 Ne5 36. Nc5 Ke7 37. Nxb7 Nd7 38. Na5 Nxb6 39. Nc6+
Kd6 40. Nb4 Na4 41. Nxa6 Nxb2 42. Nb4 Na4 43. Na2 Kd5 44. h4 Kc4 45. h5 Nc5 46.
Kg3 Ne4+ 47. Kf4 Nf6 48. g4 Kb3 49. Nb4 Kxc3 50. Nc6 Kc4 51. Ne7 Kc5 52. Nf5
Ne8 53. Ke5 Nf6 54. Nxh6 Nxh5 55. Ng8 g6 56. Ne7 Ng7 57. Nxg6 Ne8 58. Ne7 Nd6
59. Nf5 Ne8 60. g5 Kc6 61. Ke6 Nc7+ 62. Kf7 Kd5 63. Ng7 Ke5 64. g6 Kd5 65. Ne8
Ne6 66. Nc7+ Nxc7 67. g7 Ne6 68. g8=Q Kd6 69. Qg6 Kc7 70. Qxe6 Kb7 71. Qd6 Kc8
72. Qe7 Kb8 73. Ke6 Ka8 74. Kd6 Kb8 75. Kc6
1-0

[Event "TV2 Fagernes International 2018"]
[Site "Scandic Hotel Fagernes"]
[Date "2018.03.25"]
[Round "1"]
[White "Wærstad, Leif E"]
[Black "Shehzad, Shazil"]
[Result "0-1"]
[WhiteElo "1585"]
[BlackElo "1912"]
[PlyCount "84"]
[EventDate "2018.??.??"]

1. d4 Nf6 2. Nf3 g6 3. c4 c5 4. d5 b5 5. cxb5 a6 6. Nc3 Bg7 7. e4 axb5 8. Bd3
b4 9. Nb5 d6 10. O-O Ba6 11. a4 Nxe4 12. Re1 Nf6 13. Bc4 O-O 14. Rb1 Nbd7 15.
b3 Nb6 16. Bb2 Bb7 17. Qe2 Re8 18. Rbd1 Nbxd5 19. Qd2 Nb6 20. Be2 Qd7 21. Ra1
Bd5 22. a5 Ne4 23. Qc2 Bxb2 24. Qxb2 Nc8 25. Red1 e6 26. Qc2 Rb8 27. Bd3 Qc6
28. a6 Rxb5 29. Bxb5 Qxb5 30. a7 Nb6 31. Ne1 Nc3 32. Rd2 c4 33. bxc4 Qxc4 34.
Qb2 Nba4 35. Qc2 b3 36. Qc1 Qb5 37. Nd3 Qxd3 38. Rxa4 Ne2+ 39. Rxe2 Qxe2 40.
Rb4 Qc2 41. Qe1 Qc7 42. Qa1 Rc8
0-1

[Event "TV2 Fagernes International 2018"]
[Site "Scandic Hotel Fagernes"]
[Date "2018.03.25"]
[Round "1"]
[White "Ranby, Hans"]
[Black "Hestvik, Elias"]
[Result "1-0"]
[WhiteElo "1902"]
[BlackElo "1572"]
[PlyCount "55"]
[EventDate "2018.??.??"]

1. Nf3 Nf6 2. e3 g6 3. b3 Bg7 4. Bb2 d5 5. c4 e6 6. Nc3 O-O 7. Be2 Nbd7 8. O-O
b6 9. d4 Bb7 10. Rc1 c5 11. Qc2 Rc8 12. Nb5 a6 13. Nd6 Rc7 14. Nxb7 Rxb7 15.
Rfd1 a5 16. cxd5 Nxd5 17. dxc5 bxc5 18. Bxg7 Kxg7 19. Bc4 Nb4 20. Qb2+ Qf6 21.
Qxf6+ Nxf6 22. a3 Nc6 23. Rd6 Nb8 24. Ne5 Nfd7 25. Nxd7 Rxd7 26. Rxd7 Nxd7 27.
Bb5 Rd8 28. Rd1
1-0

[Event "TV2 Fagernes International 2018"]
[Site "Scandic Hotel Fagernes"]
[Date "2018.03.25"]
[Round "1"]
[White "Rynning, Rune Kleiven"]
[Black "Mansoor, Afras"]
[Result "0-1"]
[WhiteElo "1567"]
[BlackElo "1898"]
[PlyCount "44"]
[EventDate "2018.??.??"]

1. d4 Nf6 2. c4 g6 3. Nc3 Bg7 4. e4 d6 5. f3 Nbd7 6. Be3 O-O 7. Qd2 a6 8. Nge2
c5 9. d5 b5 10. cxb5 Qa5 11. Ng3 Nb6 12. bxa6 Bxa6 13. Bxa6 Rxa6 14. b3 Nfxd5
15. Nxd5 Nxd5 16. Kf2 Bxa1 17. Rxa1 Nxe3 18. Qxe3 Qb4 19. Rd1 Rxa2+ 20. Kg1 Rb8
21. h4 Qxb3 22. Rd3 Qc2
0-1

[Event "TV2 Fagernes International 2018"]
[Site "Scandic Hotel Fagernes"]
[Date "2018.03.25"]
[Round "1"]
[White "Gundersen, Ingvar"]
[Black "Gaure, Sigurd Lauvas"]
[Result "1-0"]
[WhiteElo "1888"]
[BlackElo "1552"]
[PlyCount "27"]
[EventDate "2018.??.??"]

1. e4 c5 2. d4 cxd4 3. c3 d5 4. exd5 Qxd5 5. Nf3 Bg4 6. Qa4+ Nc6 7. Nxd4 O-O-O
8. Be3 Nxd4 9. cxd4 e5 10. Nc3 Qc6 11. Nb5 Kd7 12. Rc1 Qa6 13. Rc7+ Ke8 14.
Nd6#
1-0

[Event "TV2 Fagernes International 2018"]
[Site "Scandic Hotel Fagernes"]
[Date "2018.03.25"]
[Round "1"]
[White "Galinskyi, Mykhalo"]
[Black "Fuglestein, Sander"]
[Result "0-1"]
[WhiteElo "1515"]
[BlackElo "1886"]
[PlyCount "58"]
[EventDate "2018.??.??"]

1. e4 c6 2. d4 d5 3. e5 Bf5 4. Bd3 Bxd3 5. Qxd3 e6 6. Nf3 c5 7. Qb5+ Qd7 8.
Qxd7+ Kxd7 9. Be3 b6 10. Nbd2 Nc6 11. Nb3 c4 12. Nbd2 Nge7 13. c3 Nf5 14. b3 b5
15. b4 a5 16. bxa5 Rxa5 17. O-O b4 18. Rfc1 bxc3 19. Rxc3 Bb4 20. Rc2 Rha8 21.
Nb1 h6 22. g4 Nxe3 23. fxe3 Be7 24. Nc3 Nb4 25. Rb2 Ra3 26. Nd1 c3 27. Rxb4
Bxb4 28. Ne1 Rxa2 29. Rxa2 Rxa2
0-1

[Event "TV2 Fagernes International 2018"]
[Site "Scandic Hotel Fagernes"]
[Date "2018.03.25"]
[Round "1"]
[White "Skrede, Snorre"]
[Black "Lie, Terje"]
[Result "1/2-1/2"]
[WhiteElo "1870"]
[BlackElo "1503"]
[PlyCount "132"]
[EventDate "2018.??.??"]

1. d4 Nf6 2. Bg5 e6 3. Nd2 d5 4. e3 c5 5. c3 Nc6 6. Bd3 Be7 7. Ngf3 h6 8. Bxf6
Bxf6 9. dxc5 O-O 10. Qc2 Qc7 11. Rb1 Ne5 12. Nxe5 Bxe5 13. Nf3 Bf6 14. b4 Bd7
15. c4 dxc4 16. Qxc4 a6 17. Rc1 Rfd8 18. Qc2 Bc6 19. Be2 Rd5 20. e4 Rd7 21. O-O
Rad8 22. Rfd1 Qf4 23. Rxd7 Rxd7 24. g3 Qxe4 25. Qxe4 Bxe4 26. a4 g5 27. b5 axb5
28. axb5 Kf8 29. g4 Ke7 30. Rc4 Bd5 31. Rc2 Rc7 32. Kf1 Be4 33. Rc4 Bd5 34. Rc2
Bb3 35. Rc1 Rd7 36. Ne1 Bd5 37. Bf3 Be5 38. Bxd5 Rxd5 39. Nf3 Bf4 40. Rc4 Rd1+
41. Ke2 Rb1 42. c6 Rb2+ 43. Kf1 bxc6 44. bxc6 Rb8 45. h4 Rc8 46. hxg5 hxg5 47.
Ne1 Kd6 48. Nd3 e5 49. Ke2 Rxc6 50. Rxc6+ Kxc6 51. Kf3 Kd5 52. Nb4+ Kd4 53.
Nc6+ Kd3 54. Nb4+ Kc4 55. Nc6 Kc5 56. Nd8 Kd5 57. Nxf7 e4+ 58. Ke2 Ke6 59. Nh6
Bc1 60. Nf5 Ke5 61. f3 Kf4 62. fxe4 Kxg4 63. Nd4 Kg3 64. Nf3 g4 65. Ne5 Bf4 66.
Nxg4 Kxg4
1/2-1/2

[Event "TV2 Fagernes International 2018"]
[Site "Scandic Hotel Fagernes"]
[Date "2018.03.25"]
[Round "1"]
[White "Odden, Jan Ove"]
[Black "Melkevik, Johannes"]
[Result "0-1"]
[WhiteElo "1500"]
[BlackElo "1865"]
[PlyCount "64"]
[EventDate "2018.??.??"]

1. d4 f5 2. Nf3 Nf6 3. g3 g6 4. Bg2 Bg7 5. O-O d6 6. c4 O-O 7. Nc3 Qe8 8. Bg5
e5 9. dxe5 dxe5 10. Qd2 e4 11. Nd4 Qf7 12. Rac1 Rd8 13. Nd5 Rd7 14. Nb3 c6 15.
Bxf6 Bxf6 16. Nxf6+ Qxf6 17. Qc2 Na6 18. a3 Rd8 19. Rfd1 Be6 20. e3 Rac8 21.
Nd4 Bf7 22. Bf1 Nc5 23. b4 Nd7 24. Be2 Ne5 25. f3 exf3 26. Nxf3 Ng4 27. e4 Re8
28. Rd7 fxe4 29. c5 exf3 30. Rxf7 Qd4+ 31. Kh1 Nf2+ 32. Kg1 Nh3+
0-1

[Event "TV2 Fagernes International 2018"]
[Site "Scandic Hotel Fagernes"]
[Date "2018.03.25"]
[Round "1"]
[White "Rolstad, Morten"]
[Black "Helgøy, Håkon Hembre"]
[Result "1-0"]
[WhiteElo "1850"]
[BlackElo "1483"]
[PlyCount "35"]
[EventDate "2018.??.??"]

1. e4 c5 2. Nf3 g6 3. d4 cxd4 4. Qxd4 Nf6 5. Nc3 Bg7 6. e5 Nc6 7. Qa4 Ng8 8.
Bf4 a6 9. O-O-O b5 10. Bxb5 Bb7 11. Bc4 Rc8 12. Bxf7+ Kxf7 13. e6+ Kf8 14. exd7
Ra8 15. Ng5 Qb6 16. Bc7 Qb4 17. Qxb4 Nxb4 18. d8=Q+
1-0

[Event "TV2 Fagernes International 2018"]
[Site "Scandic Hotel Fagernes"]
[Date "2018.03.25"]
[Round "1"]
[White "Ji, Jiahao Eric"]
[Black "Mikelsen, Mattis"]
[Result "0-1"]
[WhiteElo "1462"]
[BlackElo "1849"]
[PlyCount "52"]
[EventDate "2018.??.??"]

1. e4 c6 2. d4 d5 3. exd5 cxd5 4. Nf3 Nf6 5. c4 Nc6 6. Nc3 Bg4 7. Be3 e6 8. a3
Be7 9. Be2 O-O 10. O-O dxc4 11. Bxc4 Bxf3 12. Qxf3 Rc8 13. Rfd1 a6 14. Ba2 Qc7
15. Bf4 Qb6 16. d5 exd5 17. Bxd5 Qxb2 18. Rdb1 Qc2 19. Rxb7 Nd4 20. Qe3 Qxc3
21. Qxc3 Ne2+ 22. Kf1 Nxc3 23. Bf3 Rfe8 24. Re1 Bf8 25. Rxe8 Rxe8 26. Rb6 Ncd5
0-1

[Event "TV2 Fagernes International 2018"]
[Site "Scandic Hotel Fagernes"]
[Date "2018.03.25"]
[Round "1"]
[White "Melaa, Sondre Lillestøl"]
[Black "Sola, Roar"]
[Result "1-0"]
[WhiteElo "1844"]
[BlackElo "1378"]
[PlyCount "63"]
[EventDate "2018.??.??"]

1. d4 d5 2. Bf4 Nf6 3. e3 c5 4. Nd2 Nc6 5. c3 Bf5 6. Ngf3 e6 7. Ne5 cxd4 8.
exd4 Bd6 9. Bb5 Qc7 10. O-O O-O 11. Re1 Ng4 12. Bxc6 bxc6 13. Bg3 Nf6 14. Qa4
c5 15. dxc5 Qxc5 16. Nb3 Qc7 17. Nd4 Ne4 18. Nb5 Qd8 19. Rxe4 Bxe4 20. Nc6 Qb6
21. Nxd6 Qxb2 22. Qd1 Qxc3 23. Rc1 Qd3 24. Qg4 Qd2 25. Bf4 Qxa2 26. Ne5 f6 27.
Qxe6+ Kh8 28. Nef7+ Rxf7 29. Nxf7+ Kg8 30. Nh6+ Kh8 31. Qg8+ Rxg8 32. Nf7#
1-0

[Event "TV2 Fagernes International 2018"]
[Site "Scandic Hotel Fagernes"]
[Date "2018.03.25"]
[Round "1"]
[White "Larsen, Per Magnus"]
[Black "Tocklin, Tomi"]
[Result "0-1"]
[WhiteElo "1357"]
[BlackElo "1844"]
[PlyCount "98"]
[EventDate "2018.??.??"]

1. d4 Nf6 2. c4 c5 3. d5 b5 4. cxb5 a6 5. b6 d6 6. Nc3 g6 7. e4 Bg7 8. Nf3 O-O
9. Bc4 Nbd7 10. a3 Nxb6 11. Ba2 Ne8 12. O-O Nc7 13. Re1 Nb5 14. Nxb5 axb5 15.
Rb1 b4 16. Qc2 Bd7 17. Bb3 bxa3 18. bxa3 c4 19. Bxc4 Rc8 20. Nd2 Qc7 21. Rb4
Bh6 22. Qb3 Bxd2 23. Bxd2 Nxc4 24. Bh6 Na5 25. Qb2 Qc3 26. Qxc3 Rxc3 27. Bxf8
Kxf8 28. Rb8+ Kg7 29. Rd8 Bb5 30. f4 Rxa3 31. e5 Nc4 32. exd6 exd6 33. Rb1 Ba6
34. Kf2 Ra2+ 35. Kg3 Ne3 36. Kf3 Nxg2 37. Rxd6 Nh4+ 38. Ke4 Re2+ 39. Kd4 Nf5+
40. Kc5 Nxd6 41. Kxd6 Rxh2 42. Kc7 Bd3 43. Rd1 Bf5 44. d6 Rc2+ 45. Kb6 Rc8 46.
d7 Rd8 47. Kc7 Rxd7+ 48. Rxd7 Bxd7 49. Kxd7 h5
0-1

[Event "TV2 Fagernes International 2018"]
[Site "Scandic Hotel Fagernes"]
[Date "2018.03.25"]
[Round "1"]
[White "Hoel, Mathias"]
[Black "Smedsrud, Morten S"]
[Result "0-1"]
[WhiteElo "1842"]
[BlackElo "1349"]
[PlyCount "68"]
[EventDate "2018.??.??"]

1. d4 Nf6 2. Nf3 e6 3. g3 d5 4. Bg2 Nbd7 5. O-O Be7 6. c4 c5 7. cxd5 exd5 8.
Nc3 O-O 9. Bg5 h6 10. Bf4 a6 11. Rc1 b5 12. dxc5 Nxc5 13. Nd4 Bb7 14. Nf5 Re8
15. Nxe7+ Qxe7 16. Be3 Ne6 17. Re1 d4 18. Bxd4 Bxg2 19. Bxf6 Qxf6 20. Kxg2 Rad8
21. Qc2 Nd4 22. Qb1 b4 23. Ne4 Qf5 24. f3 Rd5 25. Rc4 a5 26. Qd3 Red8 27. Rec1
Qd7 28. Rc7 Qe6 29. g4 f5 30. gxf5 Nxf5 31. Qb3 Kh7 32. R7c5 Qg6+ 33. Ng3 Rd2
34. Rxf5 Rxe2+
0-1

[Event "TV2 Fagernes International 2018"]
[Site "Scandic Hotel Fagernes"]
[Date "2018.03.25"]
[Round "1"]
[White "Larre, Linnea"]
[Black "Ski, Jonathan K"]
[Result "1/2-1/2"]
[WhiteElo "1347"]
[BlackElo "1841"]
[PlyCount "120"]
[EventDate "2018.??.??"]

1. e4 e5 2. Nf3 Nc6 3. d4 exd4 4. Nxd4 d6 5. Be3 Nf6 6. Nc3 g6 7. Be2 Bg7 8.
O-O O-O 9. Bf3 Re8 10. Re1 Ne5 11. h3 Nxf3+ 12. Qxf3 h6 13. Bf4 Nh5 14. Be3 Nf6
15. Bf4 a6 16. Rad1 g5 17. Bc1 g4 18. Qg3 Nh5 19. Qd3 gxh3 20. Nf5 Bxf5 21.
exf5 Rxe1+ 22. Rxe1 hxg2 23. Qh3 Nf6 24. Qxg2 Kh7 25. Qxb7 Ng4 26. Qe4 Nf6 27.
Qh4 Rb8 28. Ne4 Nxe4 29. Qxd8 Rxd8 30. Rxe4 Rb8 31. c3 Rb5 32. Re7 Re5 33. Rxe5
Bxe5 34. Kg2 Kg7 35. Kh3 Kf6 36. f4 Kxf5 37. fxe5 Kxe5 38. Bxh6 f5 39. Kg3 Ke4
40. Bg5 d5 41. Bf4 c5 42. Bd6 c4 43. a4 d4 44. cxd4 Kxd4 45. Kf4 c3 46. bxc3+
Kxc3 47. Kxf5 Kb3 48. a5 Ka4 49. Bc7 Kb5 50. Ke6 Kc6 51. Bd8 Kb7 52. Kd7 Ka8
53. Kc6 Ka7 54. Kc7 Ka8 55. Kb6 Kb8 56. Kxa6 Ka8 57. Kb6 Kb8 58. a6 Ka8 59. Kb5
Ka7 60. Bb6+ Ka8
1/2-1/2

[Event "TV2 Fagernes International 2018"]
[Site "Scandic Hotel Fagernes"]
[Date "2018.03.25"]
[Round "1"]
[White "Sidali, Elias Hulleberg"]
[Black "Evenshaug, Amadeus Hestvik"]
[Result "1-0"]
[WhiteElo "1840"]
[BlackElo "1327"]
[PlyCount "81"]
[EventDate "2018.??.??"]

1. e4 e5 2. Nf3 Nc6 3. Bc4 Nd4 4. Nxd4 exd4 5. c3 dxc3 6. Nxc3 Bc5 7. d4 Bb6 8.
O-O Ne7 9. Be3 O-O 10. Re1 c6 11. d5 Ng6 12. a4 Ne5 13. Bb3 d6 14. Bxb6 axb6
15. Ne2 c5 16. Ng3 c4 17. Bc2 Bd7 18. Qd4 b5 19. axb5 Rxa1 20. Rxa1 Bxb5 21. f4
Nd3 22. Nf5 f6 23. g3 Re8 24. Ba4 Bxa4 25. Rxa4 b5 26. Qa7 Re7 27. Nxe7+ Kf8
28. Nf5 bxa4 29. Qxg7+ Ke8 30. Qg8+ Kd7 31. Qxh7+ Kc8 32. Ne7+ Kc7 33. Nc6+ Qd7
34. Qh8 Kb6 35. Qxf6 Kb5 36. Nd4+ Kc5 37. Ne6+ Kb5 38. Qc3 Qa7+ 39. Nd4+ Kc5
40. Nc6 Qa8 41. Qa3+
1-0

[Event "TV2 Fagernes International 2018"]
[Site "Scandic Hotel Fagernes"]
[Date "2018.03.25"]
[Round "1"]
[White "Sørensen, Simen"]
[Black "Ruud, Christian Holmboe"]
[Result "1-0"]
[WhiteElo "1821"]
[BlackElo "1252"]
[PlyCount "45"]
[EventDate "2018.??.??"]

1. e4 d5 2. exd5 Qxd5 3. Nf3 Bg4 4. Be2 Nf6 5. Nc3 Qd8 6. O-O e6 7. d4 c6 8.
Bf4 Be7 9. Re1 O-O 10. h3 Bh5 11. Ne5 Bxe2 12. Rxe2 Nh5 13. Bh2 f5 14. Qd3 Bd6
15. Rae1 Qg5 16. Qf3 Rf6 17. Nd3 Bxh2+ 18. Kxh2 Qg6 19. Nc5 Na6 20. Nxa6 bxa6
21. Qxc6 Re8 22. Nd5 Kf8 23. Nxf6
1-0